[Event "GRE-ch U12"]
[Site "Achaia"]
[Date "2017.07.02"]
[Round "9"]
[White "Gavalakis, Dimitrios"]
[Black "Karampetsas, Ioannis"]
[Result "1-0"]
[WhiteElo "1149"]
[BlackElo "1297"]
[PlyCount "67"]
[EventDate "2017.06.26"]
[EventType "swiss"]
[EventRounds "9"]
[EventCountry "GRE"]
[SourceTitle "EXT 2018"]
[Source "ChessBase"]
[SourceDate "2017.10.13"]
[SourceVersion "1"]
[SourceVersionDate "2017.10.13"]
[SourceQuality "1"]

1. e4 e6 2. d4 d5 3. e5 c5 4. c3 Nc6 5. Nf3 Bd7 6. Na3 cxd4 7. cxd4 a6 8. Nc2 Nge7 9. Bd3 Ng6 10. 0-0 Be7 11. Nfe1 Qb6 12. f4 Nxd4 13. Be3 Bc5 14. b4 Nxc2 15. Bxc5 Qd8 16. Bxc2 Qh4 17. Nd3 Bb5 18. Ba4 h5 19. Bxb5+ axb5 20. a3 Qd8 21. Qe1 Nh4 22. Qg3 Nf5 23. Qg5 Kd7 24. Qxd8+ Raxd8 25. a4 Rdg8 26. axb5 g5 27. Ra7 Kc7 28. Rc1 Kb8 29. Rca1 gxf4 30. b6 Kc8 31. Rc1 f3 32. Bd6+ Kd8 33. Ra8+ Kd7 34. Rc7# 1-0